Statistics for Batman v Superman: Dawn of Justice Characters

Click here to take the quiz!

General Stats

  • This quiz has been taken 17 times
  • The average score is 11 of 15

Answer Stats

HintAnswer% Correct
Jason MomoaAquaman
100%
Ben AffleckBatman
100%
Ray FisherCyborg
100%
Jesse EisenbergLex Luthor
100%
Henry CavillSuperman
100%
Gal GadotWonder Woman
100%
Ezra MillerFlash
93%
Amy AdamsLois Lane
86%
Jeremy IronsAlfred Pennyworth
71%
Diane LaneMartha Kent
71%
Laurence FishburnePerry White
50%
Robin Atkin DownesDoomsday
43%
Michael ShannonZod
36%
Holly HunterSenator Finch
14%
Scoot McNairyWallace Keefe
14%

Score Distribution

Percentile by Number Answered

Percent of People with Each Score

Your Score History

You have not taken this quiz